[Event "Polar Capital Jersey op"]
[Site "St Helier"]
[Date "2018.04.02"]
[Round "3.15"]
[White "van Leusden, Dennis"]
[Black "Stewart, Ashley"]
[Result "0-1"]
[WhiteElo "2035"]
[BlackElo "2148"]
[PlyCount "74"]
[EventDate "2018.03.31"]
[EventType "swiss"]
[EventRounds "9"]
[EventCountry "JCI"]

1. e4 c5 2. Nf3 g6 3. c3 d5 4. exd5 Qxd5 5. Na3 Bg7 6. Bc4 Qe4+ 7. Be2 Nf6 8.
O-O Nc6 9. Re1 O-O 10. Bc4 Qf5 11. Nc2 e5 12. Ne3 Qd7 13. Bb5 Qc7 14. Bxc6 bxc6
15. Nc4 e4 16. Nfe5 Bf5 17. Qa4 Nd5 18. d4 cxd4 19. cxd4 c5 20. Qb5 Rfc8 21.
Ne3 Nxe3 22. Bxe3 Rab8 23. Qc4 cxd4 24. Qxc7 Rxc7 25. Bxd4 f6 26. g4 fxe5 27.
Bc3 Bxg4 28. Rxe4 Bf5 29. Rxe5 Rxc3 30. Rxf5 gxf5 31. bxc3 Bxc3 32. Rc1 Bd4 33.
Rc4 Rd8 34. Kg2 Bb6 35. Rf4 Rd5 36. Kh3 Kg7 37. Rc4 Bxf2 0-1

[Event "Polar Capital Jersey op"]
[Site "St Helier"]
[Date "2018.04.02"]
[Round "3.16"]
[White "Verma, Aditya"]
[Black "Spanton, Tim R"]
[Result "1-0"]
[WhiteElo "2002"]
[BlackElo "1851"]
[PlyCount "127"]
[EventDate "2018.03.31"]
[EventType "swiss"]
[EventRounds "9"]
[EventCountry "JCI"]

1. e4 e5 2. Nf3 Nc6 3. Bb5 Nf6 4. d3 Bc5 5. c3 d5 6. Nbd2 O-O 7. O-O Re8 8. h3
a6 9. Ba4 b5 10. Bb3 dxe4 11. dxe4 Be6 12. Re1 Qd7 13. Qe2 Rad8 14. Nf1 Qd3 15.
Bg5 Qxe2 16. Rxe2 Rd3 17. Bxf6 gxf6 18. Bc2 Rd7 19. Ng3 Red8 20. b4 Be7 21. a4
Nb8 22. axb5 axb5 23. Nf5 Bxf5 24. exf5 c5 25. Re4 cxb4 26. cxb4 Nc6 27. Rg4+
Kh8 28. Bb3 Bxb4 29. Ra6 Nd4 30. Nxd4 exd4 31. Rxf6 Bc3 32. Rh6 d3 33. f6 Bxf6
34. Rxf6 d2 35. Kh2 d1=Q 36. Bxd1 Rxd1 37. Rxf7 R1d7 38. Rf5 Rd5 39. Rff4 Rg8
40. Rb4 h5 41. Rgd4 Rgd8 42. Rxd5 Rxd5 43. h4 Kg7 44. f3 Kf6 45. g4 hxg4 46.
fxg4 Ke5 47. Kg3 Rc5 48. h5 Rc3+ 49. Kh4 Rc5 50. Rb1 Kf6 51. Rf1+ Kg7 52. Rd1
b4 53. Rd7+ Kf6 54. Rb7 Rc4 55. h6 Rc1 56. g5+ Kf5 57. Rb5+ Kg6 58. Rb6+ Kf5
59. Rf6+ Ke5 60. Kh5 b3 61. Rb6 Rc3 62. h7 Rh3+ 63. Kg6 Kd4 64. Rxb3 1-0

[Event "Polar Capital Jersey op"]
[Site "St Helier"]
[Date "2018.04.02"]
[Round "3.17"]
[White "Jackson, Sheila"]
[Black "Okhai, Shabir"]
[Result "1/2-1/2"]
[WhiteElo "2108"]
[BlackElo "2090"]
[PlyCount "54"]
[EventDate "2018.03.31"]
[EventType "swiss"]
[EventRounds "9"]
[EventCountry "JCI"]

1. e4 e5 2. Bc4 Nc6 3. d3 Nf6 4. Nc3 Na5 5. Qf3 c6 6. Nge2 Nxc4 7. dxc4 d6 8.
h3 Be6 9. b3 Nd7 10. O-O f6 11. Rd1 Qc7 12. a4 Be7 13. Ng3 O-O 14. Nf5 Bxf5 15.
Qxf5 Rf7 16. Ba3 g6 17. Qg4 Rd8 18. Rd2 Nf8 19. Rad1 Kh8 20. c5 dxc5 21. Rxd8
Bxd8 22. Bxc5 Be7 23. Be3 Kg7 24. Rd3 Bb4 25. Na2 Be7 26. Nc3 Bb4 27. Na2 Be7
1/2-1/2

[Event "Polar Capital Jersey op"]
[Site "St Helier"]
[Date "2018.04.02"]
[Round "3.18"]
[White "Held, Thomas"]
[Black "Pugh, Glyn D"]
[Result "1-0"]
[WhiteElo "2056"]
[BlackElo "1847"]
[PlyCount "83"]
[EventDate "2018.03.31"]
[EventType "swiss"]
[EventRounds "9"]
[EventCountry "JCI"]

1. Nf3 d5 2. g3 Nd7 3. c4 c6 4. Nc3 Ngf6 5. cxd5 cxd5 6. Bg2 e6 7. O-O Be7 8.
d3 O-O 9. Bf4 Nh5 10. Bd2 Nhf6 11. Rc1 a6 12. a4 b6 13. Na2 Bb7 14. Nb4 Rc8 15.
Nd4 Nc5 16. Na2 Qd7 17. Nc3 e5 18. Nf3 Bd6 19. d4 exd4 20. Nxd4 Nfe4 21. b3
Nxc3 22. Bxc3 Ne4 23. Bxe4 dxe4 24. e3 Rc5 25. Ne2 Rd5 26. Qc2 Qh3 27. Rfd1 Rd3
28. Qb2 f6 29. b4 Bd5 30. b5 Be6 31. Bb4 Be5 32. Bc3 Bxc3 33. Nxc3 Bg4 34. f3
Bxf3 35. Rxd3 exd3 36. bxa6 Qe6 37. Kf2 Ba8 38. Qa2 Kf7 39. Ke1 d2+ 40. Qxd2
Rd8 41. Qxd8 Qxe3+ 42. Ne2 1-0

[Event "Polar Capital Jersey op"]
[Site "St Helier"]
[Date "2018.04.02"]
[Round "3.19"]
[White "Jaufarally, Nadia"]
[Black "Safarian, Alek"]
[Result "0-1"]
[WhiteElo "1849"]
[BlackElo "2024"]
[PlyCount "66"]
[EventDate "2018.03.31"]
[EventType "swiss"]
[EventRounds "9"]
[EventCountry "JCI"]

1. e4 c5 2. Nf3 d6 3. d4 cxd4 4. Nxd4 Nf6 5. Nc3 g6 6. Be3 Bg7 7. Bc4 O-O 8. f3
Nc6 9. Bb3 Bd7 10. Qd2 Qa5 11. g4 h5 12. gxh5 Qxh5 13. Qf2 Ne5 14. O-O-O Rac8
15. Rdg1 Nc4 16. Rg5 Qh7 17. Bxc4 Rxc4 18. Kb1 Rfc8 19. Rhg1 Nh5 20. Nf5 Bf6
21. R5g2 Be6 22. Bg5 Bxg5 23. Rxg5 Kf8 24. Ne3 Rxc3 25. bxc3 Nf4 26. Nd5 Bxd5
27. exd5 Nh3 28. Qxa7 Nxg1 29. Qxg1 Rxc3 30. Qf2 Qh3 31. f4 Rf3 32. Qd2 Qf1+
33. Kb2 Qb5+ 0-1

[Event "Polar Capital Jersey op"]
[Site "St Helier"]
[Date "2018.04.02"]
[Round "4.1"]
[White "Vakhidov, Jakhongir"]
[Black "Williams, Simon K"]
[Result "1-0"]
[WhiteElo "2542"]
[BlackElo "2460"]
[PlyCount "55"]
[EventDate "2018.03.31"]
[EventType "swiss"]
[EventRounds "9"]
[EventCountry "JCI"]

1. d4 g6 2. Nf3 Bg7 3. c4 d6 4. Nc3 Nd7 5. g3 e5 6. Bg2 Ne7 7. dxe5 dxe5 8. h4
h6 9. Qc2 Nc5 10. O-O Bf5 11. e4 Bg4 12. Be3 Ne6 13. Nh2 f5 14. exf5 Bxf5 15.
Qa4+ c6 16. g4 O-O 17. gxf5 gxf5 18. Rad1 Qe8 19. c5 f4 20. Qc4 Nf5 21. Bxf4
exf4 22. Rfe1 Rf6 23. Ne4 Rg6 24. Nd6 Nxd6 25. Rxd6 f3 26. Nxf3 Qf7 27. Rdxe6
Rf8 28. Qe4 1-0

[Event "Polar Capital Jersey op"]
[Site "St Helier"]
[Date "2018.04.02"]
[Round "4.2"]
[White "Pruijssers, Roeland"]
[Black "Merry, Alan B"]
[Result "0-1"]
[WhiteElo "2523"]
[BlackElo "2436"]
[PlyCount "86"]
[EventDate "2018.03.31"]
[EventType "swiss"]
[EventRounds "9"]
[EventCountry "JCI"]

1. e4 e6 2. d4 d5 3. Nd2 dxe4 4. Nxe4 Bd7 5. Nf3 Bc6 6. Bd3 Nd7 7. O-O Ngf6 8.
Ned2 Be7 9. Nc4 Bd5 10. Bf4 O-O 11. Re1 c5 12. c3 cxd4 13. Nxd4 Nc5 14. Bf1 Rc8
15. Ne5 Qb6 16. Qc2 Rfd8 17. Rad1 Bxa2 18. b4 Nce4 19. Nf5 exf5 20. Qxa2 Rf8
21. Nc4 Qe6 22. f3 b5 23. fxe4 Nxe4 24. Rd4 bxc4 25. Bxc4 Qb6 26. Be3 Qc7 27.
Ba6 Qxc3 28. Qa1 Qxa1 29. Rxa1 Rc3 30. Rd3 Bxb4 31. Kf1 Rxd3 32. Bxd3 a5 33. g4
Rd8 34. Bc2 Nd2+ 35. Ke2 Nc4 36. Bf4 fxg4 37. Bd3 Ne5 38. Bb5 Ng6 39. Be3 h5
40. Rf1 Nh4 41. Rf2 Nf3 42. Ba4 Rd5 43. Bf4 Bc5 0-1

[Event "Polar Capital Jersey op"]
[Site "St Helier"]
[Date "2018.04.02"]
[Round "4.3"]
[White "Wadsworth, Matthew J"]
[Black "Hillarp Persson, Tiger"]
[Result "0-1"]
[WhiteElo "2354"]
[BlackElo "2541"]
[PlyCount "86"]
[EventDate "2018.03.31"]
[EventType "swiss"]
[EventRounds "9"]
[EventCountry "JCI"]

1. c4 Nf6 2. g3 g6 3. Bg2 Bg7 4. Nc3 O-O 5. d3 c5 6. Nf3 Nc6 7. O-O a6 8. Bd2
Rb8 9. a4 b6 10. Rb1 Bb7 11. Nd5 Nxd5 12. cxd5 Nb4 13. Bxb4 cxb4 14. Qb3 a5 15.
Nd2 d6 16. Rfc1 Qd7 17. Nc4 Ba6 18. e3 Rfc8 19. Qd1 Rc5 20. b3 Bc3 21. h4 Qc7
22. Rc2 b5 23. axb5 Bxb5 24. Ra2 Ra8 25. Bf3 Qd8 26. Kg2 Ra7 27. h5 Rc8 28.
hxg6 hxg6 29. Qh1 Kg7 30. Qh3 Qh8 31. Qxh8+ Kxh8 32. Rxa5 Rxa5 33. Nxa5 Bxd3
34. Rd1 Bc2 35. Rc1 Ra8 36. Rxc2 Rxa5 37. Be2 Rxd5 38. Bc4 Rf5 39. e4 Rf6 40.
Ra2 Kg7 41. f3 Bd4 42. Ra8 g5 43. Rb8 Bc5 0-1

[Event "Polar Capital Jersey op"]
[Site "St Helier"]
[Date "2018.04.02"]
[Round "4.4"]
[White "L'Ami, Alina"]
[Black "Speelman, Jon S"]
[Result "1/2-1/2"]
[WhiteElo "2306"]
[BlackElo "2501"]
[PlyCount "69"]
[EventDate "2018.03.31"]
[EventType "swiss"]
[EventRounds "9"]
[EventCountry "JCI"]

1. d4 d6 2. c4 e5 3. Nc3 exd4 4. Qxd4 Nf6 5. b3 Nc6 6. Qd2 g6 7. Bb2 Bg7 8. g3
O-O 9. Bg2 Re8 10. Nf3 d5 11. Nxd5 Nxd5 12. Bxg7 Ne3 13. fxe3 Kxg7 14. Qc3+ Qf6
15. Qxf6+ Kxf6 16. Kf2 a5 17. h3 h5 18. Rhd1 Re7 19. Nd4 Ne5 20. Nb5 c6 21. Nc3
Be6 22. Ne4+ Kg7 23. Nc5 a4 24. Rab1 axb3 25. axb3 Rb8 26. Rd6 b5 27. Nd3 Nxd3+
28. exd3 bxc4 29. dxc4 Bxc4 30. Rc1 Be6 31. Rdxc6 Rxb3 32. R6c3 Rb4 33. h4 Bf5
34. Re1 Rd7 35. Bf3 1/2-1/2

[Event "Polar Capital Jersey op"]
[Site "St Helier"]
[Date "2018.04.02"]
[Round "4.5"]
[White "Ahluwalia, Amardip"]
[Black "Hebden, Mark L"]
[Result "0-1"]
[WhiteElo "2052"]
[BlackElo "2454"]
[PlyCount "148"]
[EventDate "2018.03.31"]
[EventType "swiss"]
[EventRounds "9"]
[EventCountry "JCI"]

1. e4 e5 2. Nf3 Nc6 3. Bc4 Nf6 4. d3 Be7 5. O-O O-O 6. Re1 d6 7. a4 Na5 8. Ba2
c5 9. c3 Nc6 10. Na3 b6 11. Nc4 Be6 12. Ne3 Re8 13. Bd2 Bf8 14. Qb1 Rc8 15.
Bxe6 fxe6 16. b4 d5 17. b5 Nb8 18. Nxe5 dxe4 19. N3c4 exd3 20. Qxd3 Qxd3 21.
Nxd3 Rcd8 22. Nde5 Nd5 23. Rac1 Be7 24. Nf3 Bf6 25. Nce5 Nd7 26. Nc6 Rc8 27. c4
Nb4 28. Nxb4 cxb4 29. Bxb4 Nc5 30. Bxc5 Rxc5 31. Nd2 Rc7 32. Nf3 Kf7 33. Ne5+
Bxe5 34. Rxe5 Rd8 35. g3 Rd4 36. c5 Rxa4 37. Kg2 Rd4 38. c6 a6 39. bxa6 Ra4 40.
f4 Rxa6 41. f5 exf5 42. Rxf5+ Ke6 43. Rf2 Ra8 44. Rd2 Ke7 45. Re1+ Kf8 46. Rf2+
Kg8 47. Rc1 h6 48. h4 Rac8 49. Rfc2 Kf8 50. Rf2+ Kg8 51. Rfc2 Kf7 52. Rf2+ Kg6
53. Rfc2 Kf5 54. Kf3 h5 55. Rc3 Ke5 56. R3c2 Rf8+ 57. Kg2 Rf6 58. Re2+ Kd6 59.
Rd2+ Ke7 60. Re2+ Re6 61. Rec2 Rd6 62. Re2+ Kd8 63. Rec2 Kc8 64. Rc3 Kb8 65.
Kh3 Rc8 66. g4 g6 67. Kg3 Rc7 68. R1c2 Rd4 69. gxh5 gxh5 70. Rb3 Rg7+ 71. Kf3
Kc7 72. Ra3 Kd6 73. Rb3 Rxh4 74. Rxb6 Rh3+ 0-1

[Event "Polar Capital Jersey op"]
[Site "St Helier"]
[Date "2018.04.02"]
[Round "4.6"]
[White "Woudsma, Martijn"]
[Black "Arkell, Keith C"]
[Result "0-1"]
[WhiteElo "2262"]
[BlackElo "2413"]
[PlyCount "142"]
[EventDate "2018.03.31"]
[EventType "swiss"]
[EventRounds "9"]
[EventCountry "JCI"]

1. e4 g6 2. d4 Bg7 3. Nc3 a6 4. Be3 b5 5. Qd2 Bb7 6. f3 d6 7. h4 Nd7 8. h5 c5
9. a4 b4 10. Nd1 Rb8 11. g4 gxh5 12. Rxh5 Ngf6 13. Rh1 cxd4 14. Bxd4 e5 15. Bf2
Nc5 16. Bg2 Bc8 17. g5 Ng8 18. Ne3 Be6 19. Bh3 Ne7 20. Ne2 Bxh3 21. Rxh3 Qd7
22. Rh1 Qc6 23. b3 h6 24. Rd1 Rd8 25. Ng3 hxg5 26. Rxh8+ Bxh8 27. Qxb4 Bf6 28.
Nc4 Nb7 29. Bb6 Rd7 30. Be3 g4 31. Nh5 Bh4+ 32. Ke2 gxf3+ 33. Kxf3 f5 34. Nb6
Qxc2 35. Rd2 Qxe4+ 36. Qxe4 fxe4+ 37. Kg4 Rc7 38. Re2 Rc3 39. Bg1 Ng6 40. Nd5
Rxb3 41. Rc2 Bd8 42. Rc8 Kd7 43. Ra8 Kc6 44. Nhf6 Bxf6 45. Nxf6 Nc5 46. Bxc5
Kxc5 47. Nxe4+ Kd5 48. Nxd6 Rb6 49. Nf5 Kc4 50. a5 Re6 51. Rb8 Kc5 52. Ne3 Ne7
53. Re8 Rg6+ 54. Kf3 Nc6 55. Ke4 Kb5 56. Kd5 Rg3 57. Nf5 Rd3+ 58. Ke4 Rd1 59.
Re6 Kc5 60. Ne3 Rd4+ 61. Kf5 Ra4 62. Kf6 Rxa5 63. Ng4 Kb6 64. Ne3 Rc5 65. Kf5
a5 66. Ke4 a4 67. Re8 a3 68. Ra8 Na5 69. Rb8+ Kc6 70. Rc8+ Kb5 71. Rb8+ Ka4 0-1

[Event "Polar Capital Jersey op"]
[Site "St Helier"]
[Date "2018.04.02"]
[Round "4.7"]
[White "Eggleston, David J"]
[Black "Kabos, Tobias"]
[Result "1-0"]
[WhiteElo "2409"]
[BlackElo "2253"]
[PlyCount "85"]
[EventDate "2018.03.31"]
[EventType "swiss"]
[EventRounds "9"]
[EventCountry "JCI"]

1. e4 d6 2. d4 Nf6 3. Nc3 e5 4. Nf3 exd4 5. Nxd4 Be7 6. g3 Bg4 7. f3 Bc8 8. Be3
O-O 9. Qd2 a6 10. g4 b5 11. Nf5 b4 12. Ne2 Bxf5 13. gxf5 c5 14. Rg1 Kh8 15. Nf4
Nc6 16. Qg2 Rg8 17. Bc4 Ne5 18. Qe2 Qe8 19. O-O-O a5 20. Nd5 Nxd5 21. Bxd5 Rc8
22. Rg3 Nd7 23. Rh3 Nf6 24. Qf1 g6 25. fxg6 Rxg6 26. Bc4 Bf8 27. Bf4 Rd8 28. e5
dxe5 29. Rxd8 Qxd8 30. Bxe5 Bg7 31. Bxf7 Rg5 32. f4 Rg4 33. Be6 Rg6 34. Rd3 Qe8
35. Bf5 Rh6 36. Qd1 Qf7 37. Rd8+ Ng8 38. Rd7 Ne7 39. Qe2 Qxf5 40. Bxg7+ Kxg7
41. Qxe7+ Kg6 42. Qg7+ Kh5 43. Qg3 1-0

[Event "Polar Capital Jersey op"]
[Site "St Helier"]
[Date "2018.04.02"]
[Round "4.8"]
[White "Vogt, Lothar"]
[Black "Ansell, Simon T"]
[Result "1/2-1/2"]
[WhiteElo "2402"]
[BlackElo "2342"]
[PlyCount "43"]
[EventDate "2018.03.31"]
[EventType "swiss"]
[EventRounds "9"]
[EventCountry "JCI"]

1. e4 e6 2. d4 d5 3. Nc3 Nf6 4. Bg5 dxe4 5. Nxe4 Be7 6. Bxf6 gxf6 7. Nf3 f5 8.
Nc3 a6 9. Qd2 b5 10. O-O-O Qd6 11. g3 Bb7 12. Bg2 Nd7 13. Kb1 Nb6 14. Ne1 Bxg2
15. Nxg2 Nc4 16. Qc1 Bf6 17. Ne3 c5 18. Nxc4 bxc4 19. d5 Bxc3 20. bxc3 Rb8+ 21.
Ka1 Qe5 22. Qe3 1/2-1/2

[Event "Polar Capital Jersey op"]
[Site "St Helier"]
[Date "2018.04.02"]
[Round "4.9"]
[White "Stewart, Ashley"]
[Black "Klingher, Dominic"]
[Result "1/2-1/2"]
[WhiteElo "2148"]
[BlackElo "2173"]
[PlyCount "48"]
[EventDate "2018.03.31"]
[EventType "swiss"]
[EventRounds "9"]
[EventCountry "JCI"]

1. c4 e5 2. g3 Nc6 3. Nc3 Bc5 4. Bg2 a6 5. e3 d6 6. Nf3 Ba7 7. d4 exd4 8. exd4
Bg4 9. Be3 Nge7 10. O-O O-O 11. Qd2 Nf5 12. Ne2 Re8 13. Rae1 h6 14. h3 Bxf3 15.
Bxf3 Qf6 16. Bg2 Nfxd4 17. Nxd4 Nxd4 18. Bxb7 Rab8 19. Bxd4 Bxd4 20. Rxe8+ Rxe8
21. b3 Qe5 22. Kg2 a5 23. Rd1 Bb6 24. Bd5 Re7 1/2-1/2

[Event "Polar Capital Jersey op"]
[Site "St Helier"]
[Date "2018.04.02"]
[Round "4.10"]
[White "Heppell, Ian N"]
[Black "Le Quang, Kim"]
[Result "1/2-1/2"]
[WhiteElo "2035"]
[BlackElo "2267"]
[PlyCount "34"]
[EventDate "2018.03.31"]
[EventType "swiss"]
[EventRounds "9"]
[EventCountry "JCI"]

1. e4 c5 2. Nf3 d6 3. Bb5+ Bd7 4. Bxd7+ Nxd7 5. O-O Ngf6 6. Re1 Rc8 7. c3 e6 8.
d4 cxd4 9. cxd4 d5 10. e5 Ne4 11. Nbd2 Nxd2 12. Bxd2 Be7 13. Qa4 a6 14. Rac1
O-O 15. Rxc8 Qxc8 16. Rc1 Qe8 17. Bb4 b5 1/2-1/2

[Event "Polar Capital Jersey op"]
[Site "St Helier"]
[Date "2018.04.02"]
[Round "4.11"]
[White "Bryant, Richard BE"]
[Black "Mitchell, Martin"]
[Result "0-1"]
[WhiteElo "1932"]
[BlackElo "2237"]
[PlyCount "178"]
[EventDate "2018.03.31"]
[EventType "swiss"]
[EventRounds "9"]
[EventCountry "JCI"]

1. e4 d6 2. d4 Nf6 3. Nc3 g6 4. Bd3 Bg7 5. Nge2 O-O 6. Be3 Ng4 7. Bg5 h6 8. Bd2
c5 9. dxc5 dxc5 10. Ng3 Ne5 11. Be2 Nec6 12. O-O Nd4 13. Bc4 Nbc6 14. a3 Ne5
15. Ba2 Bg4 16. f3 Ndxf3+ 17. gxf3 Nxf3+ 18. Rxf3 Bxf3 19. Qxf3 Qxd2 20. Qe2
Qxe2 21. Ngxe2 Rfd8 22. Bc4 Rd2 23. Rc1 Rc8 24. Kf1 e6 25. Ke1 Bxc3 26. bxc3
Rd7 27. Nf4 g5 28. Nd3 Kg7 29. Ke2 b6 30. Rf1 Rf8 31. a4 Re7 32. e5 f5 33.
exf6+ Rxf6 34. Rg1 e5 35. h4 e4 36. Ne1 Re5 37. hxg5 Rxg5 38. Rxg5+ hxg5 39.
Ng2 g4 40. Bd5 Kh6 41. Bxe4 Kg5 42. c4 Rf8 43. c3 Kf6 44. Ke3 Ke5 45. Bd5 Rf1
46. Ke2 Ra1 47. Bc6 Rc1 48. Kd3 Kd6 49. Bd5 g3 50. Ne3 Ke5 51. Ng2 Kf5 52. Bf3
Ra1 53. Bc6 Kg4 54. Ne3+ Kh3 55. Bg2+ Kh2 56. Bc6 Kg1 57. Ke2 Ra3 58. Kd2 Ra2+
59. Ke1 Rb2 60. Be4 Rf2 61. Bd5 Rf8 62. Ke2 Re8 63. Kf3 Kh2 64. Nf1+ Kh3 65.
Ne3 Rf8+ 66. Ke2 Kh4 67. Ng2+ Kg4 68. Ne3+ Kf4 69. Ng2+ Ke5 70. Ne3 Rf2+ 71.
Kd3 Ra2 72. Bc6 Kd6 73. Bd5 Kc7 74. Be4 a5 75. Nd5+ Kd6 76. Ne3 Rxa4 77. Nf5+
Ke5 78. Nxg3 Ra1 79. Bd5 a4 80. Kc2 Ra2+ 81. Kb1 Rh2 82. Bc6 Rh3 83. Ne2 Re3
84. Nc1 Rxc3 85. Bb5 a3 86. Na2 Rb3+ 87. Ka1 Kd4 88. Nc1 Rb2 89. Na2 Kd3 0-1

[Event "Polar Capital Jersey op"]
[Site "St Helier"]
[Date "2018.04.02"]
[Round "4.12"]
[White "Livesey, R  Nigel"]
[Black "House, Glenn L"]
[Result "0-1"]
[WhiteElo "1753"]
[BlackElo "2188"]
[PlyCount "118"]
[EventDate "2018.03.31"]
[EventType "swiss"]
[EventRounds "9"]
[EventCountry "JCI"]

1. c4 Nf6 2. g3 g6 3. Bg2 Bg7 4. Nc3 d6 5. d3 c5 6. e4 Nc6 7. Nge2 a6 8. O-O
O-O 9. Be3 Ng4 10. Bc1 Rb8 11. h3 Nf6 12. a4 Ne8 13. Be3 e5 14. Rb1 Nc7 15. f4
exf4 16. gxf4 Nd4 17. Bxd4 cxd4 18. Nd5 Nxd5 19. exd5 Re8 20. Ng3 f5 21. Re1
Bd7 22. Rxe8+ Qxe8 23. Qd2 Qd8 24. Qb4 Qc7 25. Re1 Bf6 26. b3 Kf7 27. Re2 Re8
28. Rxe8 Kxe8 29. Qe1+ Kf7 30. Ne2 b5 31. axb5 axb5 32. Qb4 Qb6 33. Kf2 Ke7 34.
Kf3 Qa7 35. Qe1 Kd8 36. Qb4 Qb6 37. Kg3 Kc7 38. Qa3 Kb8 39. Qb4 Bd8 40. Qa3 b4
41. Qa1 Bf6 42. Bf3 h6 43. Kg2 Kb7 44. Kh2 g5 45. Kg3 Qd8 46. Qe1 gxf4+ 47. Kg2
Qa5 48. Nxf4 Qa2+ 49. Kg3 Qxb3 50. Bd1 Qc3 51. Qxc3 dxc3 52. Bb3 Be5 53. Kf3
Be8 54. h4 Kb6 55. Ke3 Bf6 56. Ng2 Bh5 57. d4 Bg4 58. Bc2 h5 59. Bb3 f4+ $138 {
time} 0-1

[Event "Polar Capital Jersey op"]
[Site "St Helier"]
[Date "2018.04.02"]
[Round "4.13"]
[White "Hewson, Brian Wr"]
[Black "Modi, Kishan J"]
[Result "0-1"]
[WhiteElo "2044"]
[BlackElo "1850"]
[PlyCount "96"]
[EventDate "2018.03.31"]
[EventType "swiss"]
[EventRounds "9"]
[EventCountry "JCI"]

1. d4 d5 2. Nf3 Nf6 3. c4 dxc4 4. e3 e6 5. Bxc4 c5 6. O-O a6 7. a4 Nc6 8. Nc3
Be7 9. d5 exd5 10. Nxd5 Nxd5 11. Bxd5 Nb4 12. Be4 Qxd1 13. Rxd1 f5 14. Bb1 Bf6
15. e4 fxe4 16. Bxe4 O-O 17. Be3 Re8 18. Bd5+ Nxd5 19. Rxd5 c4 20. Nd4 Be6 21.
Rd6 Bf7 22. g3 Rad8 23. Rxd8 Rxd8 24. Rd1 Be8 25. a5 Rd5 26. Re1 Rxa5 27. Bd2
Re5 28. Rxe5 Bxe5 29. Bc3 Kf7 30. Kf1 Bd6 31. Nf5 Bf8 32. Ke2 b5 33. Ne3 b4 34.
Bd4 Bb5 35. Kd2 Ke6 36. f4 g6 37. g4 a5 38. f5+ Kd6 39. f6 a4 40. g5 Ke6 41.
Kc2 Bd6 42. h4 Bg3 43. Bc5 b3+ 44. Kb1 Bxh4 45. Nd5 Bc6 46. Nc7+ Kf7 47. Be3 a3
48. bxa3 c3 0-1

[Event "Polar Capital Jersey op"]
[Site "St Helier"]
[Date "2018.04.02"]
[Round "4.14"]
[White "Okhai, Shabir"]
[Black "Verma, Aditya"]
[Result "1-0"]
[WhiteElo "2090"]
[BlackElo "2002"]
[PlyCount "87"]
[EventDate "2018.03.31"]
[EventType "swiss"]
[EventRounds "9"]
[EventCountry "JCI"]

1. e4 c5 2. Nf3 d6 3. Bb5+ Bd7 4. c4 Nc6 5. d4 cxd4 6. Nxd4 Nf6 7. Nc3 g6 8.
O-O Bg7 9. Bxc6 bxc6 10. c5 dxc5 11. Nb3 O-O 12. Nxc5 Bc8 13. Bf4 Nd7 14. Nb3
Ba6 15. Re1 e5 16. Be3 Qe7 17. Na4 Rfd8 18. Qc2 Bb5 19. Nac5 Nxc5 20. Nxc5 a5
21. Red1 a4 22. Rxd8+ Rxd8 23. Rd1 Bf8 24. h3 Rxd1+ 25. Qxd1 h5 26. a3 Qd6 27.
Qc2 Be7 28. Kh2 Kg7 29. Qc3 Qc7 30. Nd3 Bxd3 31. Qxd3 Qb7 32. Qc2 Qb5 33. Bd2
Bf6 34. Bb4 Bg5 35. Qd1 Bf4+ 36. g3 Bh6 37. Qd6 Kh7 38. Qf6 Qc4 39. Bc3 Bg7 40.
Qf3 Qb5 41. Qxf7 Qc5 42. Kg2 Qb5 43. Bb4 Qd3 44. Bf8 1-0

[Event "Polar Capital Jersey op"]
[Site "St Helier"]
[Date "2018.04.02"]
[Round "4.15"]
[White "Safarian, Alek"]
[Black "Rudd, Jack"]
[Result "0-1"]
[WhiteElo "2024"]
[BlackElo "2276"]
[PlyCount "62"]
[EventDate "2018.03.31"]
[EventType "swiss"]
[EventRounds "9"]
[EventCountry "JCI"]

1. d4 d6 2. c4 e5 3. e3 c6 4. Nc3 Nd7 5. Bd3 g6 6. d5 f5 7. Nge2 Bg7 8. O-O Ne7
9. Bc2 Nf6 10. dxc6 bxc6 11. e4 Be6 12. exf5 gxf5 13. b3 O-O 14. f4 Qb6+ 15.
Kh1 Rad8 16. Na4 Qc7 17. Bb2 Ng6 18. Qe1 Nh5 19. Rd1 Bc8 20. fxe5 dxe5 21. Qf2
f4 22. Qc5 Bg4 23. Rxd8 Qxd8 24. Ng1 Qh4 25. Nf3 Ng3+ 26. Kg1 Ne2+ 27. Kh1 Bxf3
28. gxf3 Ng3+ 29. Kg2 Nxf1 30. Kxf1 Qxh2 31. Be4 Rd8 0-1

[Event "Polar Capital Jersey op"]
[Site "St Helier"]
[Date "2018.04.02"]
[Round "4.16"]
[White "Modi, Shyam Jagdish"]
[Black "Held, Thomas"]
[Result "1-0"]
[WhiteElo "1945"]
[BlackElo "2056"]
[PlyCount "39"]
[EventDate "2018.03.31"]
[EventType "swiss"]
[EventRounds "9"]
[EventCountry "JCI"]

1. d4 Nf6 2. c4 e6 3. g3 d5 4. Nf3 Bb4+ 5. Bd2 Bd6 6. Bg2 c6 7. Qc2 Ne4 8. O-O
O-O 9. Nc3 f5 10. Nxe4 dxe4 11. Ne5 Bxe5 12. dxe5 c5 13. Bc3 Nc6 14. b3 Qc7 15.
Qb2 Nd8 16. f3 exf3 17. Bxf3 Bd7 18. e4 Bc6 19. exf5 exf5 20. Bd5+ 1-0

[Event "Polar Capital Jersey op"]
[Site "St Helier"]
[Date "2018.04.02"]
[Round "4.17"]
[White "Wojciechowski, Paul"]
[Black "Kahn, Tito"]
[Result "1/2-1/2"]
[WhiteElo "1895"]
[BlackElo "1897"]
[PlyCount "30"]
[EventDate "2018.03.31"]
[EventType "swiss"]
[EventRounds "9"]
[EventCountry "JCI"]

1. e4 c5 2. Nf3 e6 3. d4 cxd4 4. Nxd4 a6 5. Nc3 Qc7 6. Bd3 Nf6 7. O-O Nc6 8.
Nxc6 dxc6 9. f4 e5 10. f5 Bc5+ 11. Kh1 h5 12. Qf3 Ng4 13. Nd1 Qe7 14. Qg3 Bd7
15. Ne3 O-O-O 1/2-1/2

[Event "Polar Capital Jersey op"]
[Site "St Helier"]
[Date "2018.04.02"]
[Round "4.18"]
[White "Pitcher, Thomas"]
[Black "van Leusden, Dennis"]
[Result "1-0"]
[WhiteElo "1910"]
[BlackElo "2035"]
[PlyCount "55"]
[EventDate "2018.03.31"]
[EventType "swiss"]
[EventRounds "9"]
[EventCountry "JCI"]

1. d4 Nf6 2. Nf3 d5 3. c4 c6 4. Nc3 e6 5. e3 Nbd7 6. Qc2 Bd6 7. cxd5 exd5 8.
Bd3 O-O 9. g4 g6 10. Rg1 Re8 11. Bd2 b5 12. g5 Nh5 13. O-O-O b4 14. Na4 Bb7 15.
Kb1 Qa5 16. Rc1 c5 17. Nxc5 Nxc5 18. dxc5 Rac8 19. Qb3 Rxc5 20. a3 Rxc1+ 21.
Rxc1 Ba6 22. Bxa6 Qxa6 23. axb4 Qb7 24. h4 Rb8 25. Nd4 Bxb4 26. Bxb4 Qxb4 27.
Rc8+ Kg7 28. Rxb8 1-0

[Event "Polar Capital Jersey op"]
[Site "St Helier"]
[Date "2018.04.02"]
[Round "4.19"]
[White "Spanton, Tim R"]
[Black "Jackson, Sheila"]
[Result "1/2-1/2"]
[WhiteElo "1851"]
[BlackElo "2108"]
[PlyCount "121"]
[EventDate "2018.03.31"]
[EventType "swiss"]
[EventRounds "9"]
[EventCountry "JCI"]

1. e4 e5 2. Nf3 Nc6 3. Bb5 a6 4. Bxc6 dxc6 5. d4 exd4 6. Qxd4 Qxd4 7. Nxd4 Bd7
8. Nc3 O-O-O 9. Be3 Bb4 10. Nde2 Nf6 11. f3 Rhe8 12. O-O-O h6 13. a3 Bd6 14.
Bf4 Bc5 15. Rd3 Be6 16. Rhd1 Bc4 17. Rxd8+ Rxd8 18. Rxd8+ Kxd8 19. Kd2 a5 20.
Be3 Bd6 21. g3 c5 22. Nf4 Nd7 23. Nd3 b6 24. f4 f6 25. h3 c6 26. Ne2 Bf7 27. g4
Kc7 28. f5 c4 29. Ndf4 Nc5 30. Bxc5 Bxc5 31. Ng3 Kd6 32. Nfh5 Bxh5 33. Nxh5 Ke5
34. Nxg7 Kxe4 35. Nh5 Bd4 36. c3 Be5 37. Ke2 b5 38. h4 c5 39. g5 hxg5 40. hxg5
fxg5 41. f6 Kf5 42. f7 Bd6 43. Ng7+ Kg6 44. Ne6 Kxf7 45. Nxg5+ Kg6 46. Ne4 Bf8
47. a4 bxa4 48. Nd2 Bg7 49. Nxc4 Kf5 50. Kd3 Ke6 51. Nxa5 Kd5 52. Nc4 Kc6 53.
Na3 Kd5 54. Kc2 c4 55. Kb1 Bf8 56. Nc2 Kc6 57. Ka2 Kb5 58. Nd4+ Kb6 59. Nf3 Bd6
60. Nd2 Kb5 61. Kb1 1/2-1/2